00491nam a2200193 a 4500001001300000003000900013005001700022008004100039020001000080082001800090100001800108245003700126260003300163300000900196500003500205505002400240650001500264700001800279nice12345678IN_TiNIC20260116011750.0050524s1965 kana grp 000 0 urd  ac10000a294.5563bHUS aHussain, Fida aArya Samaj Ki Tarraqqian, Part 1 aKanpurbIntezami Pressc1965 a104p aincludes index and biblioraphy2 aBibliography, Index aArya Samaj1 aHussain, Fida